000 00676nam a22002417i 4500
003 DO-SdBNP
005 20230417101148.0
007 ta
008 220422b1991 |||||||| |||| 00| 0 spa d
040 _aDO-SdBNP
_bspa
_cBNPHU
_erda
082 4 _222
_bL431
245 0 3 _aEl lazarillo de Tormes /
_cAnónimo.
250 _aTercera edición dominicana
260 _aSanto Domingo :
_bAfa y Omega,
_c[sin fecha]
300 _a76 p. ;
_c15 cm.
490 1 _aClásicos universales
590 _aInventariado, 2023 / DG
650 4 _aNovela española
_91123
650 4 _aLiteratura española
_9632
830 0 _aClásicos universales
_974887
910 _aDG
942 _2ddc
_cLBS1
999 _c53276
_d53276